1288 1038 1591 1622 1530 1302 1299 1579 1290 1656 1940 1151 1072 1467 1608 1688 1900 1388 1484 1324 1498 1651 1998 1119 1868 1327 1317 1170 1391 1003 1723 1895 1417 1113 1292 1915 1064 1588 1794 1349 1482 1468 1155 1187 1277 1546 1882 1623 1724 1199 1173 1807 1679 1299 1101 1134 1324 1383 1241 1026 1762 1518 1012 1942 1876 1752 1255 1287 1953 1406 1234 1638 1142 1038 1592 1903 1637 1997 1561 1386 1079 1486 1696 1268 1360 1702 1214 1152 1361 1742 1256 1306 1064 1543 1240 1062 1066 1655 1322 BCNSPRNW ULIB Ver.6.0+V

เปลี่ยนเป็นภาษาไทย

Change to English
 แสดงรายละเอียดบรรณานุกรม
  กลับหน้าหลัก

Brief Record : Get Marc (ISO 2709) : E-mail record : QR code < ปิดหน้าต่าง
LEADER : 00000nam 2200000uu 4500
001    13399122058
003     ULIB
008    121221s2552||||th 000 0 tha d
020    ^a9789742357719
060 04 ^aWJ301^bด764 2552
245 00 ^aสรีรวิทยาของไต ความผิดปกติของอิเล็กโทรไลต์และของกรดด่าง =^bRenal physiology electrolytes and acid-base disorders /^cดุสิต จิรกุลสมโชค ... [และคนอื่นๆ]
246 31 ^aRenal physiology electrolytes and acid-base disorders
250    ^aพิมพ์ครั้งที่ 3
260    ^aขอนแก่น :^bภาควิชาสรีรวิทยา คณะแพทยศาสตร์มหาวิทยาลัยขอนแก่น,^d2552
300    ^a416 หน้า :^bภาพประกอบ ;^c30 ซม.
650  7 ^aดุลกรดด่าง
650  7 ^aไต^xสรีรวิทยา
700 0  ^aดุสิต จิรกุลสมโชค
710 2  ^aมหาวิทยาลัยขอนแก่น. ^bคณะแพทยศาสตร์. ^bภาควิชาสรีรวิทยา
945    ^p350^l0^i16542
945    ^p350^l0^i16543
945    ^p350^l0^i17033
945    ^p350^l0^i17034
995    ^aทศพร
999    ^aทศพร เกษรทอง
รายการนี้ยังไม่มีแท็ก
คุณยังไม่ได้ล็อกอิน คุณสามารถมีกิจกรรมร่วมกับเว็บไซต์ได้ แต่ต้องล็อกอินก่อน ::
  ล็อกอิน

รายการสื่อสารสนเทศ

ลำดับที่ ประเภท เลขเรียก/บาร์โค้ด สถานที่ สถานะ
1. วิทยาศาสตร์การแพทย์ และสุขภาพ
วิทยาศาสตร์การแพทย์ และสุขภาพ
WJ301 ด764 2552 ฉ.2 
  Barcode: 16543
ห้องสมุดวิทยาเขตสวรรค์ประชารักษ์
►หนังสือทั่วไป
บนชั้น
2. วิทยาศาสตร์การแพทย์ และสุขภาพ
วิทยาศาสตร์การแพทย์ และสุขภาพ
WJ301 ด764 2552 ฉ.3 
  Barcode: 17033
ห้องสมุดวิทยาเขตสวรรค์ประชารักษ์
►หนังสือทั่วไป
บนชั้น

รายการใกล้เคียง
    หัวเรื่อง [ดุลกรดด่าง]

BibComment


ยังไม่เคยถูกคอมเมนท์

คอมเมนท์ทรัพยากรรายการนี้
  คอมเมนท์: สรีรวิทยาของไต ค..


 Copyright 2026. Bcnsprnw @Library